Bank Stress Testing of Physical Risks under Climate Change Macro Scenarios : Typhoon Risks to the Philippines /

Bank stress tests of climate change risks are relatively new, but are rapidly proliferating. The IMF and World Bank staff collaborated to develop an experimental macro scenario stress testing approach to examine physical risks for banks by building a dynamic stochastic general equilibrium model link...

Fuld beskrivelse

Bibliografiske detaljer
Hovedforfatter: Hallegatte, Stephane
Andre forfattere: Lipinsky, Fabian, Morales, Paola, Oura, Hiroko
Format: Tidsskrift
Sprog:English
Udgivet: Washington, D.C. : International Monetary Fund, 2022.
Serier:IMF Working Papers; Working Paper ; No. 2022/163
Fag:
Online adgang:Full text available on IMF
LEADER 02324cas a2200325 a 4500
001 AALejournalIMF023063
008 230101c9999 xx r poo 0 0eng d
020 |c 20.00 USD 
020 |z 9798400217258 
022 |a 1018-5941 
040 |a BD-DhAAL  |c BD-DhAAL 
100 1 |a Hallegatte, Stephane. 
245 1 0 |a Bank Stress Testing of Physical Risks under Climate Change Macro Scenarios :   |b Typhoon Risks to the Philippines /  |c Stephane Hallegatte, Fabian Lipinsky, Paola Morales, Hiroko Oura. 
264 1 |a Washington, D.C. :  |b International Monetary Fund,  |c 2022. 
300 |a 1 online resource (49 pages) 
490 1 |a IMF Working Papers 
500 |a <strong>Off-Campus Access:</strong> No User ID or Password Required 
500 |a <strong>On-Campus Access:</strong> No User ID or Password Required 
506 |a Electronic access restricted to authorized BRAC University faculty, staff and students 
520 3 |a Bank stress tests of climate change risks are relatively new, but are rapidly proliferating. The IMF and World Bank staff collaborated to develop an experimental macro scenario stress testing approach to examine physical risks for banks by building a dynamic stochastic general equilibrium model linked to global climate and a catastrophe risk model specifically for the Philippines. Our model shows that the impact of extremely rare typhoons on GDP could already be systemic and worsen substantially with climate change. However, bank capital declines only modestly unless the event is compounded with other disasters, partly thanks to the strength of Philippines' banks and economy before the COVID crisis. However, more work is needed before drawing strong conclusions about the relevance of climate risk, as the model focused only on typhoons' physical capital destructions and their macroeconomic-level transmissions to banks. 
538 |a Mode of access: Internet 
650 7 |a Banks  |2 imf 
650 7 |a Depository Institutions  |2 imf 
650 7 |a Financial Crises  |2 imf 
650 7 |a Neoclassical  |2 imf 
700 1 |a Lipinsky, Fabian. 
700 1 |a Morales, Paola. 
700 1 |a Oura, Hiroko. 
830 0 |a IMF Working Papers; Working Paper ;  |v No. 2022/163 
856 4 0 |z Full text available on IMF  |u https://elibrary.imf.org/openurl?genre=journal&issn=1018-5941&volume=2022&issue=163  |z IMF e-Library